[Event "Metz op 31th"]
[Site "Metz"]
[Date "2013.04.21"]
[Round "3"]
[White "Shchekachev, Andrei"]
[Black "Bauer, Christian"]
[Result "1/2-1/2"]
[WhiteElo "2520"]
[BlackElo "2637"]
[Annotator "Metz Alekhine/Primel,D"]
[PlyCount "49"]
[EventDate "2013.04.20"]
[EventType "swiss"]
[EventRounds "9"]
[EventCountry "FRA"]
[SourceTitle "EXT 2016"]
[Source "ChessBase"]
[SourceDate "2015.10.08"]
[SourceVersion "1"]
[SourceVersionDate "2015.10.08"]
[SourceQuality "1"]
[TimeControl "40/5400:1800+30"]
[WhiteClock "1:30:00"]
[BlackClock "1:30:00"]

1. Nf3 c5 2. e4 Nc6 3. Bb5 e6 (3... Nf6 4. Nc3 Qc7 5. O-O Nd4 6. Re1 a6 7. Bf1
Ng4 8. g3 Nxf3+ 9. Qxf3 Ne5 10. Qe2 e6 11. d3 d6 12. Bg2 Be7 13. f4 $14 {
Kovacevic,A (2556)-Avrukh,B (2614) Calvia ol (Men) 2004 (3) 1/2}) 4. c3 (4.
Bxc6 {La ligne critique} bxc6 5. d3 Ne7 6. h4 Qc7 (6... h5 7. e5) 7. h5 e5 8.
Nbd2 f6 9. Nh4 g5 10. Nhf3 {Solak,D (2618)-Grischuk,A (2785) EU-chT (Men) 19th
2013 (2.1) 1-0} (10. Qf3 gxh4 11. Qxf6 Rg8 12. Nc4 Bg7 13. Nd6+ Kd8 14. Nf7+
Ke8 15. Nd6+ {Solak inf 119})) 4... Nge7 5. d4 (5. O-O {La grande ligne} a6)
5... cxd4 (5... Qa5 6. Na3 cxd4 7. Bd2 Ng6 8. cxd4 Qb6 9. Qa4 a6 10. Rb1 Rb8
11. Bd3 Bb4 12. Nc4 Bxd2+ 13. Kxd2 Qc7 14. Qa3 Qf4+ 15. Ke2 d5 16. g3 Qg4 17.
Nd6+ Kd7 18. Ke3 f5 19. Be2 fxe4 20. h3 Qxf3+ 21. Bxf3 exf3 22. Rhc1 Nge7 23.
Rc2 Rf8 24. Rbc1 Rf6 25. h4 h5 26. Kd2 Rf8 27. Rc3 Rf6 28. Ke1 Rf8 29. Qc5 Rf6
30. a4 b6 31. Qa3 Bb7 32. a5 Ba8 33. b4 e5 34. axb6 Rxb6 35. dxe5 {Ivanchuk,V 
(2754)-Polgar,J (2682) Cap d'Agde 2010 1-0}) 6. cxd4 d5 7. Nc3 dxe4 8. Nxe4 Nf5
9. O-O Be7 10. Nc3 $146 {[%cal Gd4d5] Une nouveauté intéressante mais un peu
lente} (10. Bxc6+ bxc6 11. Qc2 O-O 12. Rd1 Qb6 13. Bf4 Rd8 14. Rac1 Ba6 15. Nc5
Bxc5 16. dxc5 Qb5 17. Bd6 Rac8 18. Nd4 Nxd4 19. Rxd4 Qe2 20. Qc3 e5 21. Ra4 f6
22. Re1 Qd3 23. Qxd3 Bxd3 24. Rxa7 Ra8 25. Rxa8 Rxa8 26. a3 Kf7 27. f3 Ke6 28.
Kf2 g5 29. Ke3 Bb5 30. Bc7 Ra4 31. Rd1 Rc4 32. Bb6 Rc2 33. Rd2 Rxd2 34. Kxd2
Bf1 35. g3 Bg2 36. Ke3 Bf1 37. a4 f5 38. b4 Bc4 39. f4 exf4+ {Anand,V (2785)
-Piscopo,P (2409) Porto Vecchio 2014 1-0 (62)}) (10. Ne5 $6 Nfxd4 11. Qg4 O-O
12. Bxc6 f5) 10... O-O 11. d5 Nb4 12. Bc4 exd5 13. Nxd5 Nxd5 14. Bxd5 Bf6 $1
$11 {[%csl Rb2,Rc1,Gf6]} 15. Qb3 Qb6 16. Qxb6 axb6 17. Bg5 $1 Ra5 (17... Bxb2
18. Rab1 {[%cal Gb1b6]}) 18. Bxf6 Rxd5 19. Bc3 Rfd8 20. Rfe1 Be6 21. Ng5 Bc8
22. Nf3 Be6 23. Ng5 Bc8 24. Nf3 Be6 25. Ng5 1/2-1/2

[Event "Bundesliga 0203"]
[Site "Germany"]
[Date "2003.01.12"]
[Round "9.4"]
[White "Gallagher, Joseph G"]
[Black "Heidrich, Manfred"]
[Result "1-0"]
[WhiteElo "2540"]
[BlackElo "2415"]
[Annotator "Meyer,CD"]
[PlyCount "63"]
[EventDate "2002.10.19"]
[EventType "team-tourn"]
[EventRounds "15"]
[EventCountry "GER"]
[SourceTitle "CBM 093"]
[Source "ChessBase"]
[SourceDate "2003.04.01"]
[SourceVersion "1"]
[SourceVersionDate "2003.04.01"]
[SourceQuality "1"]
[WhiteTeam "Werder Bremen"]
[BlackTeam "Forchheim"]
[WhiteTeamCountry "GER"]
[BlackTeamCountry "GER"]

1. e4 {Avrukh,B} c5 2. Nf3 Nc6 3. Nc3 e5 4. Bc4 d6 5. d3 Be7 6. O-O {'This
move is less popular, than the main 6.Nd2.'} Nf6 (6... h6 {[%csl Yg5][%cal
Yh6g5]} 7. h3 Nf6 8. a3 O-O 9. Rb1 a5 10. Be3 Be6 11. Nd5 Bxd5 12. exd5 Nb8 13.
b4 axb4 14. axb4 b5 15. Bb3 cxb4 16. Nh4 Qd7 17. Qf3 Na6 18. Nf5 $14 {, S.
Movsesian - V. Babula, CZE 1997, remis/41}) 7. Ng5 $1 {'The only way to fight
for the opening advantage.' (Damit gewinnt Weiß die Zeit zum Hebel f2-f4 und
bekommt gefährliches Spiel auf der halboffenen f-Linie.)} O-O 8. f4 exf4 9.
Bxf4 h6 10. Nf3 Be6 11. Nd5 Bxd5 12. exd5 {'!' Avrukh,B. 'This is a rather
rare recapture, since it's actually a pawn sacrifice, however after this game
white probably will pay more attention to this move...' Avrukh,B: 'This move
is going to be white new try to achieve advantage in quite well-known position.
'} ({Another line} 12. Bxd5 {Avrukh,B} Nxd5 13. exd5 Ne5 $1 {doesn't promise
any advantage for white according to the theory.}) 12... Na5 $6 ({Die
Alternative} 12... Nb4 $5 {mag den Vorzug verdienen:} 13. Bd2 Nbxd5 14. Nh4 Nc7
15. Nf5 $13 {, doch dies ist ein anderes Thema.}) 13. Nh4 $5 ({Der direkte und
provokante Weg für den Springer zum idealen Vorposten f5. Eine bescheidene
Alternative bietet} 13. b3 b5 14. Bxb5 Nxd5 15. Bd2 Bf6 16. Qe1 $13 {, N.
Mitkov - F. Roman, Wch U20, Mamaia 1991}) 13... Qd7 $6 (13... Nxc4 $6 14. dxc4
g5 (14... Qd7 15. Bd2 $1 Qg4 16. Nf5 Rfe8 (16... Rae8 17. Bxh6 $1) 17. Rf3 $6 (
17. Bxh6 $1) 17... Kh7 $2 18. Qf1 $16 {, A. Kovalev - E. Sveshnikov, Rowy op
1999, 1:0/52}) 15. Nf5 $1 (15. Bd2 gxh4 {ist Zugumstellung zur nächsten
Variante 13...g5 14.Bd2}) 15... gxf4 16. Nxh6+ Kh7 17. Nf5 Rg8 $5 (17... Kh8 $2
18. Qe1 $1 Re8 19. Qc3 Kg8 20. Rxf4 $18) 18. Qd3 $1 {(Deckt einen, hier
gravierenden Nachteil des frühen Tausches auf c4 ab: Die weiße Dame erhält so
die Option auf das Feld d3!)} Rg6 (18... Kh8 $2 19. Rxf4) 19. Rae1 Bf8 20. Nh4
Nh5 21. Nxg6 fxg6 $14) ({Es scheint sich bislang noch niemand zu} 13... g5 $5 {
erdreistet und konsequent "den Stier bei den Hörnern" gepackt zu haben:} 14.
Bd2 $5 (14. Qf3 $6 gxf4 15. Nf5 Nh7 16. Nxh6+ Kh8) (14. Nf5 $5 gxf4 15. Nxh6+ (
15. Re1 $2 Re8 16. Bb5 Bf8 17. Bxe8 Nxe8 $17) 15... Kh7 (15... Kh8 $2 16. Rxf4
{/\Qf3}) 16. Nf5 Rg8 17. Rxf4 Rg6 18. Qf3 Nxc4 19. dxc4 $44) 14... Nxc4 15.
dxc4 gxh4 16. Bxh6 Re8 17. Qf3 Kh8 $1 18. Bd2 $1 (18. Rae1 $6 Nh7 19. Qxf7 Bf8)
18... Nh7 19. Bc3+ f6 20. Qh5 Rg8 21. Rae1 Rg7 22. Qxh4 $44) (13... Nxd5 $2 {
scheidet aus wegen} 14. Bxd5 (14. Bxh6 $5) 14... Bxh4 15. Qh5 Bf6 16. Rf3 $16)
(13... b5 {Avrukh,B} 14. Nf5 $1 bxc4 15. Bxh6 gxh6 16. Nxh6+ Kh7 17. Nf5 $1
cxd3 18. Qxd3 Kh8 19. Rae1 Qb6 20. Qh3+ Nh7 21. Rxe7 c4+ 22. Kh1 Qxb2 23. Re4
Rg8 24. Qxh7+ $3 {1-0 Sutovsky,E-Smirin,I/Tel Aviv ISR 2002/The Week in Chess
421 (24)}) 14. Bxh6 $6 {'?' Avrukh,B. Avrukh,B: 'This blow becomes already a
typical one in this line, but exactly in this position it doesn't works
unfortunately!'} ({Übermütig! Einfach und stark ist dagegen wieder} 14. Bd2 $1
$16 {, und Weiß erhält seine erwünschte Druckstellung:} Ne8 (14... Nxc4 15.
dxc4 Ng4 (15... Nxd5 $2 16. Nf5 Nf6 17. Bc3) (15... Qg4 16. Nf5 {usw. wie
vorher gezeigt} Rfe8 17. Rf3 $40 {1-0 Kovalev,A-Sveshnikov,E/Rowy 1999/EXT
2002 (52)}) 16. Nf5 Ne5 17. Qh5) 15. Nf5 Nxc4 16. dxc4 Bf6 17. c3 Kh7 18. Qh5)
(14. Bd2 $142 $1 {(Avrukh,B) transfering the game to mentioned above
Kavalev-Sveshnikov ,where black failed to equalise.}) 14... Nxc4 15. Nf5 (15.
Bxg7 $2 Ne3 16. Qf3 Kxg7 17. Qxe3 Ng4 18. Qg3 Bxh4 19. Qxh4 Rh8 20. Qg3 Kf8 $17
) 15... gxh6 (15... Nxb2 $2 {Avrukh,B} 16. Qf3 {losing}) 16. dxc4 (16. Qc1 $2 {
Avrukh,B} Ne5 17. Qxh6 Ne8 {is not enough}) 16... Rfe8 $4 {'?' Avrukh,B.
Avrukh,B: 'Black didn't manage to find the right defence and lost the game
immediately.'} ({Schwarz revanchiert sich auf schlimme Weise für das
provokante Opfer, welches hingegen der "Härtetest"} 16... Kh8 $1 {(16...Kh7?
17.Qd3) eher als fragwürdig erscheinen läßt:} 17. Nxh6 (17. Qd2 Nh7 $1 (17...
Ng8 {Avrukh,B} 18. Nxh6 f5 19. Rae1 Rf6 $1 {and black has nothing to worry
about}) 18. Qxh6 Bf6 19. c3 Rg8 20. Rf3 Be5 21. Raf1 f6 $17) (17. Qf3 Ng8 18.
Qg3 Bf6 $17) 17... Nh7 $1 {[#] Analyse} 18. Qd3 $1 (18. Nxf7+ $6 Kg7 19. Qd3 (
19. Qh5 $4 Nf6) 19... Bf6 20. Rxf6 Nxf6 21. Ng5 Rh8 22. Ne6+ Kf7 $17) (18. Qh5
$6 Bf6 {'!' Avrukh,B. Avrukh,B: 'and i don't see any problems for black'} 19.
Rf3 (19. Kh1 Rae8 20. Rf5 Re4 $1 {[%cal Ge4h4]}) (19. Rf5 {Avrukh,B} Rae8 20.
Raf1 Bd4+ 21. Kh1 f6 22. c3 Be5 $17) 19... Bd4+ (19... Rae8 {Avrukh,B} 20. Raf1
Bd4+ $1 (20... Re5 $2 {Avrukh,B} 21. Qg4 $1) 21. Kh1 f6 22. c3 Be5 23. Nf5 Qf7
$17) 20. Kh1 f6 21. c3 Be5 {/\Qe8-/+}) 18... Bg5 (18... Bf6 $4 19. Rxf6 $1 Nxf6
20. Qc3) (18... f5 19. Nxf5 Bf6 20. c3 Rae8 21. g4 $13) 19. Qc3+ f6 20. Nf5
Rae8 21. h4 Re5 22. Qf3 Bd2 23. Rad1 (23. c3 Rfe8 24. Rad1 Be1) 23... Ba5 24.
c3 Rfe8 $15 {/\a6,b5,Re4}) 17. Nxh6+ Kg7 (17... Kf8 {Avrukh,B} 18. Qf3 $1 (18.
Qh5 {(Avrukh,B) nice ,but maybe not so strong} Bd8 19. Qg5 Re5 $1 20. Nf5 Ne8
$13) 18... Bd8 19. Qg3 $18 {with idea to double rooks along f-file ,plus Rf6
always the threat}) 18. Qd2 {'+-!' Avrukh,B. Avrukh,B: 'decisive resourse' [#]}
Rg8 (18... Kh7 19. Nf5 $18) (18... Rh8 19. Qg5+ Kf8 20. Rxf6 Bxf6 21. Qxf6 Rh7
22. Rf1 Qe7 (22... Rg7 23. Nxf7 $1 $18) (22... Qe8 23. Qg6 Rxh6 24. Qxh6+ Kg8
25. Qxd6 $18) 23. Qg6 Rg7 24. Qxg7+ Kxg7 25. Nf5+ Kf8 26. Nxe7 Kxe7 27. g4 $18)
19. Nf5+ {'!' Avrukh,B. Avrukh,B: 'The most practical decision,transfering the
game to absolutely winning endgame.'} Kh8 20. Nxe7 Qxe7 21. Rae1 Qd8 22. Qh6+
Nh7 23. Rxf7 Rxg2+ 24. Kh1 Qg8 25. Rxh7+ Qxh7 26. Qxh7+ Kxh7 27. Kxg2 Rg8+ 28.
Kf3 Rf8+ 29. Kg3 Rg8+ 30. Kh3 Rg7 31. Re6 Rd7 32. Kg4 1-0

[Event "ISR-ch sf"]
[Site "Beersheba"]
[Date "2002.08.16"]
[Round "2"]
[White "Pasman, Michael"]
[Black "Mikhalevski, Victor"]
[Result "0-1"]
[WhiteElo "2345"]
[BlackElo "2520"]
[Annotator "Mikhalevski,V"]
[PlyCount "65"]
[EventDate "2002.08.15"]
[EventType "swiss"]
[EventRounds "9"]
[EventCountry "ISR"]
[SourceTitle "CBM 093"]
[Source "ChessBase"]
[SourceDate "2003.04.01"]
[SourceVersion "1"]
[SourceVersionDate "2003.04.01"]
[SourceQuality "1"]

1. e4 c5 2. Nf3 Nc6 3. Bb5 e6 4. O-O Nge7 5. Re1 a6 6. Bxc6 Nxc6 7. d4 cxd4 8.
Nxd4 Qc7 9. Nc3 Bd6 $5 {Interesting move. Black allows Nd5,but gives back a
piece on time reaching a good position.} (9... Be7 $5 {is the main alternative.
}) 10. Nd5 $1 exd5 11. exd5+ Ne5 12. f4 {[%csl Re5][%cal Ge1e8]} O-O 13. fxe5
Bxe5 14. Nf3 Bf6 $1 {Black has very good results in this position. So I
decided to try it as well.} ({In the origin game Black played} 14... Bd6 15.
Qd3 b5 16. a4 b4 17. Be3 Bb7 18. c4 bxc3 19. bxc3 $14 {1/2-1/2 Barua,D-Murshed,
N/Southport 1983/EXT 99 (42)}) 15. Bg5 $1 {Probably the most unpleasant for
Black. This move was tested only once before the current game.} ({Dunious is} 
15. d6 $6 Qc6 16. Kh1 b5 {[%cal Gc8b7] Black places his pieces on the long
diagonal.} 17. c3 Bb7 18. Bf4 Rae8 19. Qd2 Re6 20. Rxe6 fxe6 $15 {
Schlawin-Mainka,2002}) ({Doesn't promise much also} 15. c3 d6 16. Bg5 Bxg5 17.
Nxg5 h6 18. Ne4 Bf5 19. Ng3 Bg6 20. Qd4 Rfe8 21. h4 Re7 $1 {with a good
position for Black. 0-1 Jenetl-Poluljahov,2000 (35)}) 15... Bxb2 $5 $146 {
I have prepared this move especially for the game. As they say pawn is a pawn.
Certainly White has a strong initiative, but he still should've proven if it's
enough for advantage.} ({In the origin game Black preffered modest} 15... Bxg5
16. Nxg5 d6 {but after} 17. Qd3 g6 18. Qd4 Bf5 19. g4 $1 Qd8 20. h4 Bxc2 21.
Rac1 Rc8 22. Re2 {[%csl Rc2] He started to look for miracle to save the game.
And found it!} Bd3 $1 23. Rxc8 Qxc8 24. Qxd3 Qxg4+ 25. Rg2 Qxh4 {and it's not
so easy to convert a piece into a win. 1/2-1/2 Mirumian,V-Bromberger,S/
Groningen 1997/CBM 62 ext (34)}) 16. Rb1 Ba3 {[%csl Gd6][%cal Ga3c5]} 17. Rb3
Bc5+ 18. Kh1 (18. Nd4 $5) 18... b5 (18... d6 $5) 19. Nh4 $6 {At the very
beginning it looked strong. The knight is heading to f5 and if I stop it with
d6 then the rook is entering to e7. But it turns out to be not dangerous at
all.} (19. Nd4 $5) (19. Be7 Bxe7 20. Rxe7 Qd6 21. Re4 Bb7 22. c4) 19... d6 $1
20. Re7 Qa5 $1 ({Worse is Fritz's} 20... Qd8 {[%csl Re7,Rg5][%cal Gh7h6]} 21.
Rg3 $1 Bf2 $1 {[%csl Rg3]} (21... f6 $2 22. Bxf6 Rxf6 23. Rexg7+ Kh8 (23... Kf8
24. Rg8+) 24. Rxh7+ Kxh7 25. Qh5+ Rh6 26. Qf7+ Kh8 27. Qg7#) 22. Rxf7 $1 {
[%csl Rd8]} (22. Re2 f6 $1 23. Rxf2 fxg5 24. Rxf8+ Qxf8 25. Rxg5 Qf4 26. Nf3
Bf5 $17 {[%cal Ga8c8]}) 22... Bxg3 $8 23. Rxg7+ $1 (23. Bxd8 Kxf7 $1) 23...
Kxg7 24. Bxd8 Be5 $13 {[%csl Ga8,Rd6,Gf8,Rg7]}) 21. Qa1 $1 {The best practical
chance. Now Black has to find a nice defensive move.} (21. Bf6 Bf2 $1 (21...
gxf6 $4 22. Rg3+ Kh8 23. Qa1)) (21. Bh6 Bf2 $1 (21... gxh6 $4 22. Rg3+ Kh8 23.
Qa1+ f6 24. Qxf6+ Rxf6 25. Re8+ Rf8 26. Rxf8#)) 21... Ra7 $3 $17 {Covering 7th
rank I stop every possible attacking possibilities.} 22. Rg3 $1 (22. Bh6 f6 $1
{[%csl Rg7][%cal Ga7g7]} 23. Rxa7 Bxa7 24. Rg3 Rf7 $19) (22. Rxa7 Bxa7 23. Rg3
f6 $1 24. Bxf6 $140 $4 Rxf6 25. Qxf6 $2 Qe1+) 22... Rxe7 23. Bxe7 Bd4 $1 {
The point of 21...Ra7!! Black remains with an extra pawn and eventually wins.}
24. Qd1 (24. Qxd4 Qe1+ {[%csl Re7,Rh1]} 25. Qg1 Qxe7 $19) 24... Re8 ({Also
interesting was} 24... Bf2 $5 25. Bxf8 Kxf8 $19 {[%csl Rg3,Rh4]}) 25. Nf3 {
Pasman is trying the last trick.} (25. Qxd4 Qe1+ 26. Qg1 Rxe7 $19) 25... Bf2
26. Rxg7+ {Nice move even if it doesn't work.} (26. Bxd6 $5 Bxg3 27. Bxg3 {
is lost.}) 26... Kxg7 27. Qa1+ Kg8 28. Qf6 {[%cal Gf6g5]} Bd4 $1 $19 {Not the
only defense, but I couldn't stand the temptation to sac this bishop once
again on the same square.} (28... h6 $5 {[%csl Gg5]}) (28... Be3 $5 {[%csl Gg5]
}) 29. Qxd4 (29. Nxd4 Qe1+) 29... Rxe7 {The rest is clear.} 30. Qh4 f6 31. h3
Qd8 32. Nd4 Qe8 33. Qg3+ (33. Qg3+ Rg7 34. Qxd6 Qe1+ 35. Kh2 Qe5+ $19) 0-1

[Event "URS-ch45 First League"]
[Site "Baku"]
[Date "1977.??.??"]
[Round "4"]
[White "Kuzmin, Gennadi P"]
[Black "Timoscenko, Gennadij A"]
[Result "1-0"]
[WhiteElo "2550"]
[BlackElo "2505"]
[Annotator "Moiseev,V"]
[PlyCount "83"]
[EventDate "1977.??.??"]
[EventType "tourn"]
[EventRounds "17"]
[EventCountry "URS"]
[EventCategory "10"]
[SourceTitle "MCL"]
[Source "ChessBase"]
[SourceDate "1999.07.01"]
[SourceVersion "1"]
[SourceVersionDate "1999.07.01"]
[SourceQuality "1"]

1. e4 c5 2. Nf3 Nc6 3. Bb5 Nf6 4. Nc3 (4. Qe2 g6 5. Nc3 Bg7 6. e5 Ng4 7. Bxc6
dxc6 8. h3 Nh6 9. g4 $1 O-O 10. d3 f5 (10... f6 11. Bf4 $14 {Tukmakov/}) 11. g5
Nf7 12. Bf4 Be6 (12... Qa5 13. Qe3 {Dvorietzky,M-Simic,R/URS-JUG/1977/1:0/40/}
Be6 14. h4 Bd5 15. Rh3 $14 {Dvorietzky/}) 13. h4 $14) 4... g6 (4... Nd4 5. e5
Nxb5 6. Nxb5 Nd5) 5. h3 (5. Qe2 $5) 5... Bg7 (5... Nd4 6. e5 Nxb5 7. Nxb5 Nd5
8. Qe2 Nc7 (8... Nf4 $5) 9. d4 $1 Nxb5 10. Qxb5 cxd4 11. Bg5 $1 h6 12. Bf4 $14
{Egin,V-Tukmakov,V/URS/1979/0:1/37/}) 6. e5 Ng8 7. Bxc6 dxc6 8. d3 Nh6 9. g4 $1
f5 (9... O-O $2 10. Be3 $18 {/\ 11.Qd1-d2.}) 10. exf6 exf6 11. Qe2+ $1 Qe7 12.
Qxe7+ Kxe7 13. Be3 $14 b6 14. O-O-O Rd8 15. d4 c4 (15... cxd4 16. Nxd4 Bd7 17.
Rhe1 Kf8 18. Bf4 $14) 16. Rhe1 (16. Nd2 $6 Be6 $10) 16... Kf8 (16... Be6 $2 17.
d5 $1 cxd5 18. Nd4 $18) 17. Nd2 f5 $6 (17... Ba6 18. Nde4 Nf7 $10) 18. Nxc4 (
18. g5 $6 Nf7 19. Nxc4 Ba6 $44) 18... fxg4 19. Bg5 $1 Re8 20. Rxe8+ Kxe8 21.
Re1+ Kf8 22. Nd6 Bf5 23. d5 $1 gxh3 (23... cxd5 $5 24. hxg4 Nxg4 25. Nxd5 Nxf2
$14) 24. dxc6 Bg4 $2 (24... Bxc3 25. Bxh6+ Bg7 26. Nxf5 gxf5 27. Bf4 Re8 28.
Rh1 $18) (24... Nf7 $142 25. Be7+ Kg8 26. Nxf5 gxf5 27. Nd5 $16) 25. f3 $1 $18
Bxf3 26. Rf1 h2 27. Rxf3+ Nf5 28. Rf1 h1=Q 29. Rxh1 Nxd6 30. Nd5 Nf5 (30... Kg8
31. Ne7+ $18) 31. Rxh7 Rc8 32. c7 Kf7 33. Bd8 g5 34. Rh5 (34. Bxg5 $2 Kg6 $10)
34... Ke6 35. c4 b5 36. Bxg5 bxc4 37. Nf4+ Kd6 38. Bd8 Nd4 39. Ra5 Kd7 40. Rg5
Bh8 41. Rh5 Bg7 42. Rh7 1-0

[Event "Karadjordje Serbia"]
[Site "Topola"]
[Date "2004.05.11"]
[Round "8"]
[White "Damljanovic, Branko"]
[Black "Goloshchapov, Alexander"]
[Result "1-0"]
[WhiteElo "2583"]
[BlackElo "2569"]
[Annotator "Mueller,Karsten"]
[PlyCount "141"]
[EventDate "2004.05.04"]
[EventType "tourn"]
[EventRounds "11"]
[EventCountry "YUG"]
[EventCategory "13"]
[SourceTitle "CBM 101"]
[Source "ChessBase"]
[SourceDate "2004.07.27"]
[SourceVersion "1"]
[SourceVersionDate "2004.07.27"]
[SourceQuality "1"]

1. e4 c5 2. Nf3 Nc6 3. Bb5 e6 4. O-O Nge7 5. c3 a6 6. Ba4 b5 7. Bc2 Bb7 8. Re1
Rc8 9. a4 b4 10. d4 bxc3 11. d5 Nb4 12. Nxc3 Ng6 13. Bd3 c4 14. Bf1 Bc5 15. Be3
O-O 16. dxe6 dxe6 17. Bxc5 Rxc5 18. Qxd8 Rxd8 19. Rad1 Rb8 20. Rd2 Kf8 21. Red1
Nc6 22. g3 Bc8 23. Be2 f6 24. Kg2 Kf7 25. h4 Nge5 26. Ne1 Nb4 27. f4 Ned3 28.
Bxd3 Nxd3 29. Nxd3 cxd3 30. Kf2 a5 31. Ke3 Ba6 32. g4 Rb4 33. f5 g6 34. fxg6+
hxg6 35. Rf2 f5 36. h5 gxh5 37. gxh5 Ke7 38. Rh1 Rb8 39. h6 Rh8 40. Rg2 Kf6 41.
h7 Kf7 42. Rh6 Bc4 43. Kd4 Rc6 44. Ke5 Rc5+ 45. Nd5 $3 {[%mdl 4096] maintains
a nice place in the sun for the king.  blockt dem König einen Platz an der
Sonne frei.} Bxd5 46. Rf6+ Ke7 47. Rg7+ Ke8 $6 (47... Kd8 48. Rg8+ Ke7 49. Rxh8
Bc6+ 50. Kf4 Rc4 51. Rhf8 Rxe4+ 52. Kg3 Rg4+ 53. Kf2 Rh4 54. R6f7+ Kd6 55. h8=Q
$18) 48. exd5 d2 49. Rg8+ $6 (49. Kxe6 {won much quicker. gewann wesentlich
schneller:} Kd8 50. Rff7 Re8+ (50... d1=Q 51. Rg8+ Rxg8 52. hxg8=Q#) 51. Re7
Rxe7+ 52. Rxe7 d1=Q 53. h8=Q#) 49... Ke7 50. Rxe6+ Kd7 (50... Kf7 51. Rf6+ Ke7
52. Rg7+ Kd8 53. Rd6+ Kc8 (53... Ke8 54. Ke6 Kf8 55. Rf7+ Ke8 56. Re7+ Kf8 57.
Rd8#) 54. Rg8+ Kc7 {transposes to the game mit Übergang zur Partie.}) 51. Rd6+
Kc7 52. Rxh8 d1=Q 53. Rc8+ Kxc8 (53... Kb7 54. Rxc5 $18) 54. h8=Q+ Kb7 55. Rd7+
$1 {leads to an easily won queen ending. führt ein leicht gewonnenes
Damenendspiel herbei.} (55. Rd8 $2 Qe2+ 56. Kd6 Qa6+ 57. Kxc5 Qb6+ 58. Kc4 Qb4+
59. Kd3 Qe4+ {is only a draw. ist nur remis.}) 55... Rc7 56. Rxc7+ Kxc7 57.
Qg7+ Kb8 58. Qf8+ Kb7 59. Qe7+ Kb6 60. Qd6+ Kb7 61. Qc6+ Ka7 62. Qc5+ Kb7 63.
Qb5+ Kc8 64. Qc6+ Kb8 65. Qb6+ Kc8 66. Qxa5 {White has made sure that there is
no perpetual check and that his queen can be brought back to a central
position.  Weiß hat sichergestellt, dass kein Dauerschach existiert und dass
seine Dame wieder zentralisiert werden kann.} Qe2+ 67. Kd6 Qh2+ 68. Kc6 Qh6+
69. d6 Qh1+ 70. Qd5 Qc1+ 71. Qc5 (71. Qc5 Qh1+ (71... Qxb2 $2 72. d7+ Kd8 73.
Qf8#) 72. Kb6+ Kd7 73. Qc7+ Ke6 74. Qe7+ Kd5 75. Qb7+ $18) 1-0